[Event "Mecz Seniorzy - Juniorzy"]
[Site "Siedlce"]
[Date "1976.04.02"]
[Round "4"]
[White "Panczyk, Krzysztof"]
[Black "Siedlecki, Stefan"]
[Result "1-0"]
[WhiteElo "1700"]
[BlackElo "1900"]
[Annotator "Krzysztof Panczyk"]
[PlyCount "43"]
[EventDate "1976.??.??"]
[EventType "team"]
[EventRounds "4"]
[EventCountry "POL"]

1. e4 c5 2. Nf3 d6 3. d4 cxd4 4. Nxd4 Nf6 5. Nc3 a6 6. Bc4 e6 7. O-O Be7 8. Bb3
O-O 9. f4 Qc7 10. f5 e5 11. Nf3 Nbd7 12. Bg5 Nb6 13. a4 Bd7 14. a5 Nc4 15. Bxf6
Bxf6 16. Nd5 Qc5+ 17. Kh1 Nxa5 {Diagram #} 18. Nxf6+ gxf6 19. Qd2 Nxb3 20. Qh6
d5 (20... Bxf5 21. exf5 Qxc2 22. Ng5 fxg5 23. Qxg5+ Kh8 24. Qf6+ Kg8 25. Rf3
$18) 21. Ng5 fxg5 22. f6 1-0

[Event "POL-ch J"]
[Site "Boleslawiec"]
[Date "1978.07.24"]
[Round "8"]
[White "Panczyk, Krzysztof"]
[Black "Dejkalo, Stefan"]
[Result "1-0"]
[WhiteElo "2060"]
[BlackElo "2117"]
[PlyCount "71"]
[EventDate "1978.07.??"]
[EventType "tourn"]
[EventRounds "11"]
[EventCountry "POL"]

1. d4 Nf6 2. c4 c5 3. e3 e6 4. Nf3 d5 5. Nc3 Nc6 6. cxd5 exd5 7. Be2 Be7 8.
dxc5 Bxc5 9. O-O O-O 10. Nb5 Qb6 11. b3 a6 12. Nc3 Qd8 13. Bb2 Ba7 14. Na4 Ne4
15. Rc1 Bg4 16. Ne5 Bxe2 17. Qxe2 Nxe5 18. Bxe5 Re8 19. Qb2 b5 20. Bc7 Qg5 21.
Nb6 Bxb6 22. Bxb6 Re6 23. Bd4 Rg6 24. f3 Nd6 25. Rc5 Rd8 26. e4 Nb7 27. f4 Qe7
28. Rxd5 Qxe4 29. Rxd8+ Nxd8 30. f5 Rc6 31. Qf2 h6 32. Re1 Qd3 33. h4 Rc2 34.
Qf4 Nc6 $4 {Diagram #} 35. Re8+ Kh7 36. Qxh6+ 1-0

[Event "Naleczow op."]
[Site "Naleczow"]
[Date "1979.07.15"]
[Round "2"]
[White "Krason, Jozef"]
[Black "Panczyk, Krzysztof"]
[Result "0-1"]
[WhiteElo "2121"]
[BlackElo "2340"]
[PlyCount "100"]
[EventDate "1979.07.??"]
[EventType "swiss"]
[EventRounds "11"]
[EventCountry "POL"]

1. e4 e5 2. Nc3 Nf6 3. Bc4 Bc5 4. d3 d6 5. Be3 Bb6 6. Bxb6 axb6 7. Nge2 Be6 8.
Bxe6 fxe6 9. f4 Ng4 10. Qd2 O-O 11. O-O Nc6 12. h3 Nf6 13. fxe5 dxe5 14. Kh2
Qd6 15. Ng1 Nd4 16. a3 b5 17. Nce2 Rf7 18. g3 Raf8 19. Kg2 h6 20. Nxd4 exd4 21.
Qb4 $2 {Diagram #} Nd5 $1 (21... Nxe4 $1 22. dxe4 Qc6 23. Rxf7 Qxc2+ 24. Kh1
Rxf7 25. Qxd4 Rf2 $19) (21... c5 {/\22...Nd5-+}) 22. Qxd6 Ne3+ 23. Kh1 cxd6 24.
Rxf7 Rxf7 25. Ne2 e5 26. c3 Rf2 27. Re1 Nc2 28. Kg1 Nxe1 29. Kxf2 Nxd3+ 30. Kf3
Nxb2 31. cxd4 Nc4 32. dxe5 dxe5 33. Nc1 Nxa3 34. Kg4 Kf7 35. h4 Nc4 36. Nd3 Kf6
37. Nb4 g6 38. h5 Nd2 39. hxg6 Kxg6 40. Nd3 Kf6 41. Kh5 Nxe4 42. g4 Kg7 43.
Nxe5 b4 44. Nd3 b3 45. Nb2 b5 46. Nd1 Kh7 47. Nb2 Nd6 48. Nd1 Nc4 49. Nc3 b2
50. g5 Na3 0-1

[Event "POL-chT"]
[Site "Lublin"]
[Date "1979.11.15"]
[Round "6"]
[White "Panczyk, Krzysztof"]
[Black "Sznapik, Aleksander"]
[Result "1-0"]
[WhiteElo "2340"]
[BlackElo "2435"]
[PlyCount "41"]
[EventDate "1979.11.??"]
[EventType "team"]
[EventRounds "11"]
[EventCountry "POL"]

1. d4 Nf6 2. c4 c5 3. d5 g6 4. Nc3 Bg7 5. e4 d6 6. Nf3 O-O 7. Be2 e6 8. O-O Re8
9. h3 Na6 10. Bg5 Nc7 11. Qd2 a6 $4 {Diagram #} 12. e5 $18 dxe5 13. d6 e4 14.
dxc7 Qxc7 15. Nh2 Rd8 16. Qe3 Rd4 17. Bxf6 Bxf6 18. Nxe4 Be5 19. Nf3 Bf4 20.
Nf6+ Kf8 21. Qa3 1-0

[Event "Turniej Hutnika"]
[Site "Warszawa"]
[Date "1980.05.09"]
[Round "9"]
[White "Eberle, Jan"]
[Black "Panczyk, Krzysztof"]
[Result "0-1"]
[WhiteElo "2200"]
[BlackElo "2310"]
[Annotator "Krzysztof Panczyk"]
[PlyCount "60"]
[EventDate "1980.05.??"]
[EventType "tourn"]
[EventRounds "11"]
[EventCountry "POL"]
[EventCategory "4"]

1. e4 c5 2. Nf3 Nc6 3. d4 cxd4 4. Nxd4 g6 5. Nc3 Bg7 6. Be3 Nf6 7. Be2 O-O 8.
O-O d6 9. Kh1 Bd7 10. f4 Nxd4 11. Bxd4 Bc6 12. Bd3 Qa5 13. f5 Qb4 14. Ne2 Nxe4
15. a3 Qa5 16. Bxg7 Kxg7 17. fxg6 hxg6 18. b4 Qd5 19. Nf4 {Diagram #} Ng3+ 20.
Kg1 (20. hxg3 Rh8+ 21. Kg1 Qd4+ 22. Rf2 Rh1+ 23. Kxh1 Qxf2 24. Bxg6 Rh8+ 25.
Bh5 Qxg3 26. Qf1 e5 27. Ne6+ fxe6 28. Qf7+ Kh6 29. Qf6+ Kh7 30. Qf7+ Qg7 $19)
20... Qd4+ 21. Rf2 Nh1 22. Kxh1 Qxf2 23. Qg4 Rh8 24. Rf1 Qh4 25. Ne6+ Kg8 26.
Qxh4 Rxh4 27. Nf4 e5 28. Ne2 Be4 29. Bc4 Bxg2+ 30. Kxg2 Rxc4 0-1

[Event "Iasi"]
[Site "Iasi"]
[Date "1980.07.28"]
[Round "11"]
[White "Panczyk, Krzysztof"]
[Black "Roos, Louis"]
[Result "1-0"]
[WhiteElo "2310"]
[BlackElo "2225"]
[Annotator "Krzysztof Pañczyk"]
[PlyCount "55"]
[EventDate "1980.07.??"]
[EventType "tourn"]
[EventRounds "13"]
[EventCountry "ROM"]
[EventCategory "3"]

1. d4 e6 2. Nf3 Nf6 3. c4 b6 4. g3 Bb7 5. Bg2 Be7 6. Nc3 Ne4 7. Qc2 Nxc3 8.
Qxc3 O-O 9. O-O d6 10. Qc2 f5 11. d5 e5 12. b3 Qe8 13. Bb2 Nd7 14. Rad1 Rd8 15.
b4 a6 16. Nd2 g5 17. f4 gxf4 18. gxf4 e4 19. Kh1 Qh5 20. Rg1 Kf7 {Diagram #}
21. Nxe4 $1 (21. Bxe4 fxe4 22. Qxe4 (22. Rg7+ Ke8 23. Rxe7+ Kxe7 24. Qxe4+ Ne5
$14) 22... Ke8 23. Rg5 $40) 21... fxe4 22. Qxe4 $1 Ke8 23. Bf3 Qf5 24. Qxf5
Rxf5 25. e4 Rf7 (25... Rf6 26. Bh5+ Kf8 27. Rd3 $18) 26. Bh5 Nf8 27. Rg8 Bh4
28. Rdg1 1-0

[Event "Puchar Min. Komunikacji"]
[Site "Warszawa"]
[Date "1981.06.25"]
[Round "4"]
[White "Panczyk, Krzysztof"]
[Black "Dejkalo, Stefan"]
[Result "1-0"]
[WhiteElo "2365"]
[BlackElo "2255"]
[PlyCount "71"]
[EventDate "1981.04.??"]
[EventType "tourn"]
[EventRounds "11"]
[EventCountry "POL"]

1. d4 Nf6 2. c4 e6 3. Nc3 Bb4 4. e3 c5 5. Bd3 Nc6 6. Nge2 d5 7. O-O dxc4 8.
Bxc4 cxd4 9. exd4 O-O 10. a3 Be7 11. Qd3 a6 12. Rd1 b5 13. Bb3 Ra7 14. Qg3 Re8
15. Bh6 Nh5 16. Qf3 Na5 17. Ba2 Nf6 18. Qg3 g6 19. d5 e5 $2 {Diagram #} 20. d6
$1 Bxd6 21. Bg5 Rd7 22. Nd5 Be7 23. Nxe7+ Qxe7 24. Rxd7 Bxd7 25. Qh4 Kg7 26.
Rd1 Bc6 27. Ng3 h5 28. Rd3 Rh8 {Diagram #} 29. Nf5+ gxf5 30. Bxf6+ Qxf6 31.
Rg3+ Qg6 32. Qe7 Qxg3 33. Qxf7+ Kh6 34. hxg3 Be4 35. Qf6+ Kh7 36. Bf7 1-0

[Event "POL-chT"]
[Site "Lubniewice"]
[Date "1981.10.18"]
[Round "9"]
[White "Luczak, Andrzej"]
[Black "Panczyk, Krzysztof"]
[Result "0-1"]
[WhiteElo "2360"]
[BlackElo "2375"]
[PlyCount "76"]
[EventDate "1981.10.??"]
[EventType "team"]
[EventRounds "11"]
[EventCountry "POL"]

1. d4 Nf6 2. c4 e6 3. Nf3 b6 4. a3 c5 5. e3 g6 6. Nc3 Bg7 7. Be2 O-O 8. O-O Re8
9. Qc2 Bb7 10. Rd1 cxd4 11. Nxd4 a6 12. b3 Qc7 13. Bb2 d6 14. Rac1 Nbd7 15. Qb1
Rad8 16. Qa1 Qb8 17. Bf3 Ne5 18. Bxb7 Qxb7 19. h3 Rc8 20. Nde2 Red8 21. f4 {
Diagram #} Nf3+ $1 22. gxf3 (22. Kf2 Nh4 23. Rg1 e5 $17) 22... Qxf3 23. Rd3
Qxh3 24. Nd1 $2 (24. Rf1 d5 25. cxd5 Ng4 26. Rf2 Nxf2 27. Kxf2 Qh2+ 28. Kf3
exd5 $17) (24. Kf2 d5 25. cxd5 Ng4+ 26. Ke1 exd5 $40) 24... Qg4+ 25. Kf1 Qf3+
26. Ke1 Ne4 27. Ng1 Qg2 28. Bxg7 Qxg1+ 29. Ke2 Qg2+ 30. Ke1 Ng3 31. Nc3 Kxg7
32. Ne4+ e5 33. Nxg3 Qxg3+ 34. Ke2 Qg2+ 35. Ke1 Qg1+ 36. Ke2 Qg2+ 37. Ke1 Kg8
38. Rcd1 exf4 0-1

[Event "Turniej Kadry U26"]
[Site "Piotrkow Trybunalski"]
[Date "1983.02.16"]
[Round "4"]
[White "Sygulski, Boguslaw"]
[Black "Panczyk, Krzysztof"]
[Result "0-1"]
[WhiteElo "2280"]
[BlackElo "2330"]
[PlyCount "46"]
[EventDate "1983.02.??"]
[EventType "tourn"]
[EventRounds "11"]
[EventCountry "POL"]
[EventCategory "1"]

1. d4 Nf6 2. c4 e6 3. Nf3 b6 4. g3 Bb4+ 5. Bd2 Bxd2+ 6. Nbxd2 Bb7 7. Bg2 O-O 8.
O-O c5 9. Rc1 d6 10. Qa4 Nc6 11. Nh4 Qd7 12. Ne4 $2 Nxe4 13. Bxe4 cxd4 14. Rcd1
f5 15. Bg2 e5 16. e3 e4 17. f4 d3 18. g4 g6 19. gxf5 Qe7 20. fxg6 Qxh4 21. Bxe4
Rae8 22. Bxc6 {Diagram #} Qg4+ 23. Kh1 Qd7 0-1

[Event "Turniej Wyzwolenia Warszawy"]
[Site "Warszawa"]
[Date "1984.01.09"]
[Round "3"]
[White "Matkowski, Wiktor"]
[Black "Panczyk, Krzysztof"]
[Result "0-1"]
[WhiteElo "2255"]
[BlackElo "2365"]
[PlyCount "42"]
[EventDate "1984.01.??"]
[EventType "tourn"]
[EventRounds "11"]
[EventCountry "POL"]
[EventCategory "4"]

1. e4 e5 2. Nf3 Nc6 3. Bc4 Nf6 4. Ng5 d5 5. exd5 Na5 6. Bb5+ c6 7. dxc6 bxc6 8.
Be2 h6 9. Nf3 e4 10. Ne5 Bc5 11. O-O Qd6 12. Ng4 Bxg4 13. Bxg4 h5 14. Be2 Ng4
15. Bxg4 hxg4 16. g3 f5 17. d3 O-O-O 18. Bg5 $2 {Diagram #} Rh3 $1 19. Bxd8
Rxg3+ 20. Kh1 Rh3 21. f4 Rxh2+ 0-1

[Event "II liga gr B"]
[Site "Augustow"]
[Date "1984.10.25"]
[Round "6"]
[White "Panczyk, Krzysztof"]
[Black "Suder, Ryszard"]
[Result "1-0"]
[WhiteElo "2440"]
[BlackElo "2207"]
[Annotator "Krzysztof Pañczyk"]
[PlyCount "45"]
[EventDate "1984.10.??"]
[EventType "team"]
[EventRounds "11"]
[EventCountry "POL"]

1. d4 c5 2. d5 e6 3. c4 exd5 4. cxd5 d6 5. Nc3 Ne7 6. Nf3 Ng6 7. g3 Be7 8. Bg2
Na6 9. O-O Bg4 10. Nd2 Qd7 11. Nc4 Bh3 12. e4 h5 13. f4 h4 14. f5 $6 (14. Bxh3
Qxh3 15. g4 $18) 14... Bxg2 15. Kxg2 hxg3 16. hxg3 O-O-O 17. Qb3 Ne5 18. Bf4
Nxc4 19. Qxc4 g6 20. b4 gxf5 21. bxc5 Nxc5 22. Nb5 fxe4 $4 {Diagram #} 23.
Qxc5+ 1-0

[Event "POL-ch sf"]
[Site "Bydgoszcz"]
[Date "1985.11.22"]
[Round "6"]
[White "Strzelecki, Krzysztof"]
[Black "Panczyk, Krzysztof"]
[Result "0-1"]
[WhiteElo "2270"]
[BlackElo "2410"]
[PlyCount "44"]
[EventDate "1985.11.??"]
[EventType "swiss"]
[EventRounds "13"]
[EventCountry "POL"]

1. e4 e5 2. Nf3 Nc6 3. Bb5 a6 4. Ba4 Nf6 5. O-O b5 6. Bb3 Bb7 7. Re1 Bc5 8. c3
d6 9. d4 Bb6 10. Nh4 Qd7 11. Bg5 O-O-O 12. d5 Ne7 13. Bxf6 gxf6 14. Qf3 Rhg8
15. g3 Qh3 16. Kh1 f5 17. exf5 {Diagram #} e4 18. Qxe4 Bxf2 19. f6 Bxe1 20.
Qxe1 Nxd5 21. Qf2 Ne3+ 22. Kg1 Rxg3+ 0-1

[Event "POL-chT"]
[Site "Leba"]
[Date "1989.10.04"]
[Round "4"]
[White "Kempys, Marek"]
[Black "Panczyk, Krzysztof"]
[Result "0-1"]
[WhiteElo "2315"]
[BlackElo "2400"]
[PlyCount "54"]
[EventDate "1989.10.??"]
[EventType "team"]
[EventRounds "11"]
[EventCountry "POL"]

1. Nf3 Nf6 2. g3 g6 3. Bg2 d5 4. d3 Bg7 5. O-O O-O 6. Nbd2 c5 7. e4 Nc6 8. c3
e5 9. Re1 h6 10. Qb3 d4 11. cxd4 cxd4 12. Nc4 Qe7 13. Bd2 Be6 14. Rac1 Rab8 15.
a4 Nd7 16. Qa3 Qxa3 17. Nxa3 Rfc8 18. b4 Bf8 19. Rb1 Nb6 20. a5 Na4 21. Nc4
Bxc4 22. dxc4 Nc3 23. Bxc3 dxc3 24. c5 {Diagram #} c2 25. Rb2 Nxb4 26. Rxb4
Rxc5 27. Rc1 Rd8 0-1

[Event "POL-chT"]
[Site "Bydgoszcz"]
[Date "1990.09.21"]
[Round "6"]
[White "Wojcieszyn, Jacenty"]
[Black "Panczyk, Krzysztof"]
[Result "0-1"]
[WhiteElo "2315"]
[BlackElo "2400"]
[PlyCount "50"]
[EventDate "1990.09.??"]
[EventType "team"]
[EventRounds "11"]
[EventCountry "POL"]

1. d4 Nf6 2. c4 e6 3. Nf3 b6 4. Nc3 Bb4 5. Qc2 Bb7 6. a3 Bxc3+ 7. Qxc3 d6 8. e3
Nbd7 9. Be2 O-O 10. O-O Ne4 11. Qc2 f5 12. Nd2 Qg5 13. Nf3 Qh6 14. Ne1 Ng5 15.
f3 Rf6 16. Bd1 Rg6 17. Kh1 Nf6 18. f4 Be4 19. Qd2 {Diagram #} (19. fxg5 Bxc2
20. gxh6 Bxd1 $19) 19... Bxg2+ 20. Nxg2 Nge4 21. Qe1 Qh3 22. Nh4 Ng3+ 23. Kg1
Qxh4 24. Rf2 Nge4+ 25. Kf1 Qh3+ 0-1

[Event "POL-ch"]
[Site "Cetniewo"]
[Date "1991.03.05"]
[Round "5"]
[White "Jaracz, Pawel"]
[Black "Panczyk, Krzysztof"]
[Result "0-1"]
[WhiteElo "2300"]
[BlackElo "2415"]
[PlyCount "46"]
[EventDate "1991.03.??"]
[EventType "tourn"]
[EventRounds "13"]
[EventCountry "POL"]
[EventCategory "6"]

1. e4 e5 2. Nf3 Nc6 3. Bc4 Nf6 4. d3 Bc5 5. O-O d6 6. c3 Bb6 7. Nbd2 Ne7 8. Bb3
O-O 9. h3 Ng6 10. Nc4 h6 11. Re1 Nh5 12. d4 exd4 13. cxd4 Nhf4 14. Kh2 Qf6 15.
Nxb6 axb6 16. Be3 Re8 17. Bc2 c5 18. Ng1 Ne6 19. Ne2 Ng5 20. Nc3 Nf4 21. Qd2 $4
{Diagram #} Nxg2 22. Bxg5 Nxe1 23. Rxe1 Qxg5 0-1

[Event "POL-chT"]
[Site "Mikolajki"]
[Date "1991.09.26"]
[Round "7"]
[White "Przewoznik, Jan"]
[Black "Panczyk, Krzysztof"]
[Result "0-1"]
[WhiteElo "2395"]
[BlackElo "2415"]
[PlyCount "52"]
[EventDate "1991.09.??"]
[EventType "team"]
[EventRounds "9"]
[EventCountry "POL"]

1. Nf3 Nf6 2. c4 e6 3. b3 d5 4. Bb2 Be7 5. g3 O-O 6. Bg2 c5 7. O-O Nc6 8. e3 d4
9. exd4 cxd4 10. Re1 Ne8 11. a3 a5 12. d3 f6 13. Nbd2 e5 14. Nh4 g5 15. Bd5+
Kh8 16. Ng2 Bf5 17. Be4 Bxe4 18. dxe4 Qd7 19. Nf3 Rd8 20. Re2 f5 21. exf5 Qxf5
22. Nfe1 Nf6 23. f3 {Diagram #} d3 24. Rd2 Bc5+ 25. Kh1 {Diagram #} Ne4 26.
Nxd3 Nxg3+ 0-1

[Event "European Rapid Championship"]
[Site "Warszawa"]
[Date "2005.12.17"]
[Round "3"]
[White "Przezdziecka, Ewa"]
[Black "Panczyk, Krzysztof"]
[Result "0-1"]
[WhiteElo "2011"]
[BlackElo "2347"]
[PlyCount "60"]
[EventDate "2005.12.17"]
[EventType "swiss (rapid)"]
[EventRounds "13"]
[EventCountry "POL"]

1. d4 f5 2. g3 Nf6 3. Bg2 g6 4. c4 Bg7 5. Nc3 O-O 6. Nh3 d6 7. d5 Na6 8. Rb1
Nc5 9. b4 Nce4 10. Bb2 Nxc3 11. Bxc3 e5 12. dxe6 Bxe6 13. Bxb7 Rb8 14. Bd5 Nxd5
15. Bxg7 Ne3 16. Qc1 Kxg7 17. Qxe3 Qf6 18. Qd3 $2 {Diagram #} f4 $1 19. Nxf4
Bf5 20. Qb3 Bxb1 21. Qxb1 Qc3+ 22. Kf1 Rxb4 23. Qe4 Rxc4 24. Qe7+ Kg8 25. Qe6+
$2 (25. Ne6 Qf6 26. Qxf8+ Qxf8 27. Nxf8 Kxf8) 25... Kh8 26. Kg2 Rc5 27. Nd5 Qe5
28. Qxe5+ dxe5 29. Ne3 Rd8 30. Rb1 Rd2 {i czarne wygraly} 0-1

[Event "POL-ch"]
[Site "Czestochowa"]
[Date "1992.03.14"]
[Round "9"]
[White "Panczyk, Krzysztof"]
[Black "Macieja, Bartlomiej"]
[Result "1-0"]
[WhiteElo "2425"]
[BlackElo "2300"]
[PlyCount "69"]
[EventDate "1992.03.??"]
[EventType "tourn"]
[EventRounds "15"]
[EventCountry "POL"]
[EventCategory "7"]

1. d4 Nf6 2. c4 e6 3. Nc3 Bb4 4. e3 c5 5. Nge2 cxd4 6. exd4 d5 7. a3 Be7 8. Nf4
Nc6 9. cxd5 Nxd5 10. Ncxd5 exd5 11. Be2 Bf6 12. Be3 O-O 13. O-O Bf5 14. Rc1 Re8
15. Bb5 Qd6 16. Qa4 Rec8 17. Rc5 Ne7 18. Nh5 a6 19. Be2 Rxc5 20. dxc5 Qe5 21.
Qb4 Qc7 22. Nxf6+ gxf6 23. Qh4 Qc6 24. Bd4 Kg7 25. g4 Ng6 26. Qg3 Bd7 27. g5 h6
28. gxf6+ Kh7 29. Bd3 Rg8 30. Kh1 Qa4 31. b4 Bb5 32. Rg1 Bxd3 33. Qxd3 Qd7 34.
h4 Kh8 35. h5 1-0